000 00640nam a2200205Ia 4500
005 20241216011220.0
008 190429s9999||||xx |||||||||||||| ||und||
082 _a635.21
_bE19
100 _aECHE MOSTACERO KARLA ELIZABETH
245 0 _aESTUDIO DE REEMPLAZO DE HARINA DE MAIZ POR HARINA DE PITUCA EN LA ALIMENTACION DE CUYES EN EL DISTRITO DE OXAPAMPA
250 _a0
260 _aCERRO DE PASCO-PERU
_bUNDAC
_c2005
300 _a87 pag.
_c70 cm.
341 _h0
490 _v0
_a0
505 _aPICUTA ALIMENTACION CUYES
541 _aD
_bECHE MOSTACERO KARLA
_d23-Nov-06
_oSoles
650 _aZootecnia - Oxapampa
942 _cTESIS
999 _c35783
_d35783